FOOD COSTING (Record no. 8072)

MARC details
000 -LEADER
fixed length control field 00272nam a22001337a 4500
020 ## - INTERNATIONAL STANDARD BOOK NUMBER
International Standard Book Number 81-920935-8-1
082 ## - DEWEY DECIMAL CLASSIFICATION NUMBER
Classification number 641
Item number SAR
245 ## - TITLE STATEMENT
Title FOOD COSTING
260 ## - PUBLICATION, DISTRIBUTION, ETC. (IMPRINT)
Place of publication, distribution, etc DELHI
Name of publisher, distributor, etc NAMAN
Year of Publication 2011
300 ## - PAGE DESCRIPTION
No. of Pages 277
650 ## - SUBJECT ADDED ENTRY--TOPICAL TERM
Topical term or geographic name as entry element FOOD MANAGEMENT
653 ## - KEYWORDS--INDEX TERM
Keyword term FOOD
942 ## - ADDED ENTRY ELEMENTS (KOHA)
Source of classification or shelving scheme Dewey Decimal Classification
Koha item type Books
942 ## - ADDED ENTRY ELEMENTS (KOHA)
-- 1
Holdings
Withdrawn status Lost status Source of classification or shelving scheme Damaged status Not for loan Collection code Home library Current library Shelving location Date acquired Vendor Name Cost, normal purchase price SGTU Bill Number Total Checkouts Full call number Accession No. (Barcode) Date last seen Bill Date Koha item type Date last borrowed
    Dewey Decimal Classification     HOTEL MANAGEMENT SGT Science & Social Sciences Library SGT Science & Social Sciences Library Text Book 10/10/2015 JINDAL BOOK SERVICE 350.00 SGTU 1775   641 SAR HM528 10/10/2015 07/09/2015 Books  
    Dewey Decimal Classification     HOTEL MANAGEMENT SGT Science & Social Sciences Library SGT Science & Social Sciences Library Text Book 10/10/2015 JINDAL BOOK SERVICE 350.00 SGTU 1775 1 641 SAR HM529 23/03/2022 07/09/2015 Books 09/03/2022
    Dewey Decimal Classification     HOTEL MANAGEMENT SGT Science & Social Sciences Library SGT Science & Social Sciences Library Text Book 10/10/2015 JINDAL BOOK SERVICE 350.00 SGTU 1775   641 SAR HM530 10/10/2015 07/09/2015 Books